Alat kebesaran diraja

Bibliographic Details
Main Author: Raihan Ahmad
Corporate Authors: Siri, Title
Format: Book
Published: Selangor : Sejati Books , 2005
Series:Siri warisan kesultanan
Subjects:

MARC

LEADER 00000cam a2200000 7i4500
001 0000006545
005 20151222.0
008 070816
020 |a 9831541545 (set) 
020 |a 9831541561 
090 0 0 |a CUS   |b MAL 
100 0 |a Raihan Ahmad 
245 1 0 |a Alat kebesaran diraja   |c Raihan Ahmad 
260 |a Selangor :   |b Sejati Books ,   |c 2005 
440 0 |a Siri warisan kesultanan 
500 |a Children ages 10-12 years old (pink) 
650 0 |a Malaysia kings and rulers   |x juvenile literature 
650 0 |a Regalia (insigna)   |z Malaysia   |x juvenile literature 
710 0 |a Siri 
710 0 |a Title 
999 |a 0000915291   |b Book   |c Teenagers   |e Cawangan Bandar Tenggara 
999 |a 0000984998   |b Book   |c Children Collection   |e Cawangan Tangkak 
999 |a 0000984999   |b Book   |c Children Collection   |e Perbadanan Perpustakaan Awam Johor 
999 |a 0000985000   |b Book   |c Children Collection   |e Cawangan Mersing 
999 |a 0000985001   |b Book   |c Children Collection   |e Perbadanan Perpustakaan Awam Johor 
999 |a 0000985002   |b Book   |c Children Collection   |e Cawangan Bandar Penawar